[Event "4NCL Online Division 4"]
[Site "online"]
[Date "2021.09.07"]
[EventDate "2021.09.07"]
[Round "2.21"]
[White "Smith, Mark"]
[WhiteElo "1876"]
[WhiteTeam "Wolfpack 1"]
[Black "Burke, Alexander"]
[BlackElo "1249"]
[BlackTeam "Manchester Juniors C"]
[Result "1-0"]
[PlyCount "71"]

1. d4 f5 2. Nc3 Nf6 3. Bg5 e6 4. e4 g6 5. e5 Bg7 6. exf6 Bxf6 7. Bxf6 Qxf6 8. Nf3 d5 9. Be2 Nd7 10. Nb5 Qd8 11. c4 c6 12. Nd6+ Kf8 13. Qd2 Kg7 14. h4 Nf6 15. Nxc8 Rxc8 16. Ng5 Qe7 17. O-O-O c5 18. Kb1 h6 19. Nf3 Ne4 20. Qe3 Kh7 21. Ne5 cxd4 22. Rxd4 Qb4 23. Rhd1 b5 24. f3 Nd6 25. cxd5 Qc5 26. dxe6 f4 27. Qxf4 Qc2+ 28. Ka1 Qxe2 29. Rxd6 Rhf8 30. Rd7+ Kg8 31. Qxh6 Qxd1+ 32. Rxd1 Rc2 33. Qxg6+ Kh8 34. Nf7+ Rxf7 35. exf7 Rc8 36. Qh6# 1-0

[Event "4NCL Online Division 4"]
[Site "online"]
[Date "2021.09.07"]
[EventDate "2021.09.07"]
[Round "2.22"]
[White "Eccleston, Rowan"]
[WhiteElo "1233"]
[WhiteTeam "Manchester Juniors C"]
[Black "Bloom, Paul"]
[BlackElo "1706"]
[BlackTeam "Wolfpack 1"]
[Result "0-1"]
[PlyCount "54"]

1. e4 c5 2. d4 cxd4 3. c3 d5 4. Nf3 dxe4 5. Nxd4 Nf6 6. Bc4 Qc7 7. Na3 a6 8. Qa4+ Bd7 9. Nab5 Qc8 10. Be2 e5 11. Nc2 Bc6 12. b3 Nbd7 13. Ba3 axb5 14. Qxa8 Qxa8 15. Bb2 Bc5 16. Rf1 O-O 17. a3 Qe8 18. O-O-O Qe6 19. c4 bxc4 20. Bxc4 Bd5 21. Bxd5 Nxd5 22. f3 e3 23. Rde1 Qh6 24. Rh1 Nf4 25. g3 Nd3+ 26. Kd1 Nxb2+ 27. Ke2 Qa6# 0-1

[Event "4NCL Online Division 4"]
[Site "online"]
[Date "2021.09.07"]
[EventDate "2021.09.07"]
[Round "2.23"]
[White "Pratley, Ian"]
[WhiteElo "1703"]
[WhiteTeam "Wolfpack 1"]
[Black "Benhamida, Jude"]
[BlackElo "1199"]
[BlackTeam "Manchester Juniors C"]
[Result "1-0"]
[PlyCount "78"]

1. f4 d5 2. e3 Nc6 3. Nf3 Bg4 4. Be2 Nf6 5. b3 e6 6. Bb2 Bd6 7. O-O h6 8. Ne5 a6 9. Bxg4 Nxg4 10. Qxg4 Qf6 11. Nc4 Qg6 12. Qxg6 fxg6 13. Nxd6+ cxd6 14. a3 Rg8 15. Nc3 O-O-O 16. Ne2 e5 17. fxe5 dxe5 18. Rf7 h5 19. Raf1 Kb8 20. d4 e4 21. Nc3 Ka7 22. Na4 a5 23. Nc5 Rb8 24. Rd7 Rbd8 25. Rxb7+ Ka8 26. Rff7 Rdf8 27. Rxg7 Rxg7 28. Rxg7 Rf6 29. Bc1 Kb8 30. Bd2 Kc8 31. b4 axb4 32. Bxb4 Nxb4 33. axb4 Rb6 34. c3 Kd8 35. Kf2 Ke8 36. Ke2 Kf8 37. Rd7 g5 38. Rxd5 Rg6 39. Nxe4 g4 1-0

[Event "4NCL Online Division 4"]
[Site "online"]
[Date "2021.09.07"]
[EventDate "2021.09.07"]
[Round "2.24"]
[White "Fung, Marcus"]
[WhiteElo "1091"]
[WhiteTeam "Manchester Juniors C"]
[Black "Gliddon, Daniel J"]
[BlackElo "1664"]
[BlackTeam "Wolfpack 1"]
[Result "1-0"]
[PlyCount "121"]

1. d4 Nf6 2. Bf4 g6 3. e3 Bg7 4. c3 O-O 5. Bd3 d6 6. Ne2 Nc6 7. Nd2 e5 8. Bg5 h6 9. Bxf6 Bxf6 10. Qc2 Re8 11. g3 exd4 12. exd4 Bg4 13. f3 Bh3 14. O-O-O Bg7 15. Nf4 Be6 16. Nxe6 Rxe6 17. Rde1 Qe7 18. Kd1 Re8 19. Rxe6 Qxe6 20. a3 Qe3 21. f4 d5 22. b4 Qf2 23. Kc1 a6 24. Kb2 Qe3 25. Nb3 Qf3 26. Rf1 Qe3 27. Rf2 b5 28. Re2 Qxe2 29. Bxe2 Ne7 30. Bd3 c6 31. Kc1 Nc8 32. Kb2 Nd6 33. Na5 Rc8 34. f5 g5 35. g4 Ne8 36. Nb3 Nf6 37. h3 Nd7 38. Qe2 Kf8 39. Qh2 Nf6 40. Na5 Ne8 41. Kb3 Bf6 42. Nb7 Be7 43. Qe5 Bf6 44. Qe1 Rc7 45. Nc5 Be7 46. Nxa6 Ra7 47. Nc5 Nd6 48. Qe5 f6 49. Ne6+ Kf7 50. Qg3 Nb7 51. h4 Bd6 52. Qf2 Ra8 53. hxg5 hxg5 54. Nc5 Nd8 55. Qe2 Ra7 56. Qf1 Re7 57. Qh3 Kg8 58. Ne6 Nxe6 59. fxe6 Rxe6 60. Qh7+ Kf8 61. Bg6 1-0

[Event "4NCL Online Division 4"]
[Site "online"]
[Date "2021.09.07"]
[EventDate "2021.09.07"]
[Round "2.31"]
[White "Cooper, Malcolm H"]
[WhiteElo "1796"]
[WhiteTeam "Farnham B"]
[Black "Bentley, Alex"]
[BlackElo "1726"]
[BlackTeam "Ashfield Anonymous D"]
[Result "0-1"]
[PlyCount "104"]

1. d4 Nf6 2. c4 c5 3. d5 e6 4. Nc3 exd5 5. cxd5 d6 6. Nf3 g6 7. Bf4 a6 8. a4 Bg7 9. h3 O-O 10. e3 Re8 11. Be2 Qc7 12. Nd2 Nbd7 13. Nc4 Ne5 14. Bxe5 dxe5 15. e4 Bd7 16. a5 Rad8 17. Qd2 Bb5 18. Nb6 Bxe2 19. Qxe2 Re7 20. O-O Ne8 21. Rfc1 Nd6 22. Nca4 c4 23. b3 Nb5 24. Nxc4 Nd4 25. Qd3 Ree8 26. Ncb6 Qe7 27. Rc4 Bh6 28. Nc3 Nxb3 29. Ra2 Nc1 30. Qc2 Nxa2 31. Qxa2 Bf8 32. Nca4 Qa3 33. Qxa3 Bxa3 34. Nc5 Bxc5 35. Rxc5 Re7 36. Nc4 f6 37. Kf1 Kf8 38. Ke2 Ke8 39. d6 Red7 40. Rc7 Rxc7 41. dxc7 Rc8 42. Nd6+ Kd7 43. Nxc8 Kxc8 44. Kd3 Kxc7 45. Kc4 Kc6 46. h4 h6 47. g3 b6 48. axb6 Kxb6 49. f4 a5 50. fxe5 fxe5 51. g4 Kc6 52. h5 g5 0-1

[Event "4NCL Online Division 4"]
[Site "online"]
[Date "2021.09.07"]
[EventDate "2021.09.07"]
[Round "2.32"]
[White "Taylor, Robert P"]
[WhiteElo "1671"]
[WhiteTeam "Ashfield Anonymous D"]
[Black "Bourke, Matt"]
[BlackElo "1558"]
[BlackTeam "Farnham B"]
[Result "1-0"]
[PlyCount "93"]

1. d4 g6 2. Nf3 Nf6 3. Bg5 Bg7 4. c3 O-O 5. Nbd2 d6 6. e4 Bg4 7. Be2 Nbd7 8. h3 Bxf3 9. Bxf3 c5 10. Qb3 Qc7 11. O-O h6 12. Bf4 g5 13. Bh2 Rab8 14. a4 a6 15. Qd1 Rfc8 16. Re1 cxd4 17. cxd4 Qb6 18. e5 Ne8 19. e6 fxe6 20. Rxe6 Bxd4 21. Rxe7 Bxf2+ 22. Kh1 Qd8 23. Bd5+ Kh8 24. Qe2 Bd4 25. Qe6 Ndf6 26. Ne4 Nc7 27. Qf7 Qf8 28. Nxf6 Qxf7 29. Rxf7 Bxf6 30. Rxf6 Nxd5 31. Rxh6+ Kg7 32. Rxd6 Nf4 33. h4 Rc6 34. Rad1 Rbc8 35. Rxc6 bxc6 36. hxg5 Nd5 37. b4 Nxb4 38. Rd6 Re8 39. Bf4 Re4 40. Bd2 c5 41. Bc3+ Kf8 42. g6 Re8 43. Rd7 Kg8 44. Rh7 Kf8 45. Bf6 Re1+ 46. Kh2 Re6 47. Rh8# 1-0

[Event "4NCL Online Division 4"]
[Site "online"]
[Date "2021.09.07"]
[EventDate "2021.09.07"]
[Round "2.33"]
[White "Amos, Alice"]
[WhiteElo "1432"]
[WhiteTeam "Farnham B"]
[Black "Hardman, Daniel"]
[BlackElo "1541"]
[BlackTeam "Ashfield Anonymous D"]
[Result "0-1"]
[PlyCount "82"]

1. d4 Nf6 2. c4 e5 3. d5 Bc5 4. Nc3 a6 5. Bg5 d6 6. e4 O-O 7. Nf3 h6 8. Bxf6 Qxf6 9. Be2 Nd7 10. O-O Qg6 11. a3 Nf6 12. Qd3 Bd7 13. b4 Ba7 14. Nh4 Qg5 15. Nf3 Qg6 16. Nd2 Bd4 17. Nb3 Bxc3 18. Qxc3 Nxe4 19. Qd3 f5 20. Nd2 Nxd2 21. Qxd2 f4 22. Rac1 Bh3 23. g3 Bxf1 24. Rxf1 f3 25. Bd3 Qh5 26. Rd1 e4 27. Bf1 Rae8 28. Re1 Qg6 29. a4 h5 30. Kh1 h4 31. Bh3 hxg3 32. fxg3 Qh5 33. Bf1 Rf6 34. c5 Rh6 35. cxd6 cxd6 36. b5 e3 37. Qc2 f2 38. h3 Qf3+ 39. Kh2 fxe1=Q 40. Bg2 Rxh3+ 41. Kxh3 Qexg3# 0-1

[Event "4NCL Online Division 4"]
[Site "online"]
[Date "2021.09.07"]
[EventDate "2021.09.07"]
[Round "2.34"]
[White "Fraser, Chris"]
[WhiteElo "1562"]
[WhiteTeam "Ashfield Anonymous D"]
[Black "Warren, Archie"]
[BlackElo "1359"]
[BlackTeam "Farnham B"]
[Result "1-0"]
[PlyCount "119"]

1. e4 c5 2. Nc3 a6 3. g3 e6 4. Bg2 Ne7 5. d3 Nbc6 6. f4 b5 7. Nh3 Bb7 8. O-O Nd4 9. Ne2 Nec6 10. c3 Nxe2+ 11. Qxe2 Qc7 12. Bd2 Be7 13. Rab1 d6 14. Nf2 O-O 15. f5 e5 16. Qg4 Qd8 17. Nh3 Bc8 18. Ng5 h6 19. Nh3 Bf6 20. Bxh6 b4 21. Bg5 Bb7 22. Bxf6 Qxf6 23. Qe2 Ne7 24. Nf2 Rad8 25. g4 Qg5 26. h3 d5 27. cxb4 cxb4 28. b3 d4 29. Rbc1 Rc8 30. Rc4 a5 31. Rfc1 Rxc4 32. Rxc4 Rc8 33. Qc2 Qf6 34. Rxc8+ Nxc8 35. Qc7 Qe7 36. Qxa5 f6 37. Qb5 Kh8 38. Nd1 Na7 39. Qc4 Nc6 40. Qc2 Qd6 41. Nb2 Ba6 42. Nc4 Bxc4 43. bxc4 Qc5 44. Bf3 Qa5 45. Bd1 Qa3 46. Kf2 Nd8 47. Qd2 Nf7 48. Bb3 Kg8 49. Qc2 Qa5 50. c5 Kf8 51. Qc4 Qc7 52. Qxb4 Nd8 53. Qc4 Nf7 54. a4 Ke8 55. a5 Qb7 56. a6 Qa7 57. Qb5+ Kd8 58. Qb7 Qxc5 59. a7 Qc8 60. Qxc8+ 1-0

[Event "4NCL Online Division 4"]
[Site "online"]
[Date "2021.09.07"]
[EventDate "2021.09.07"]
[Round "2.41"]
[White "Kriman, Salim"]
[WhiteElo "2025"]
[WhiteTeam "Hackney Hackers"]
[Black "Suyash Srikanta Prasad"]
[BlackElo "1708"]
[BlackTeam "Uxbridge Bulldogs"]
[Result "1-0"]
[PlyCount "110"]

1. d4 d5 2. c4 e6 3. Nc3 c5 4. cxd5 exd5 5. Nf3 Nf6 6. Bg5 Be6 7. e3 a6 8. Be2 Be7 9. O-O O-O 10. dxc5 Nc6 11. Nd4 Bxc5 12. Bxf6 Qxf6 13. Nxe6 fxe6 14. Nxd5 Qxb2 15. Rb1 Qxa2 16. Nf4 e5 17. Qc1 Kh8 18. Bc4 Qa3 19. Ne6 Rf6 20. Qc2 b6 21. Ng5 g6 22. h4 Raf8 23. Ne4 Rf5 24. Qe2 b5 25. Bd5 Ne7 26. Be6 Rh5 27. Rb3 Qa4 28. Nxc5 Qxh4 29. Bh3 g5 30. f3 Qg3 31. Ne4 Qh4 32. Qf2 Qxf2+ 33. Rxf2 Rh6 34. Ra3 Ra8 35. Nxg5 Rb6 36. Nf7+ Kg7 37. Nxe5 b4 38. Ra1 a5 39. Bd7 Nd5 40. Bc6 Rd8 41. Rd2 Kf6 42. f4 b3 43. Rxd5 b2 44. Rb1 Rc8 45. Nd7+ Ke6 46. Nxb6 Rxc6 47. Re5+ Kd6 48. Rxb2 Rc1+ 49. Kh2 Ra1 50. Nc4+ Kc6 51. Nxa5+ Kd6 52. Rd2+ Kc7 53. Nc4 Ra4 54. Rc2 Kd7 55. Nb6+ Kd8 1-0

[Event "4NCL Online Division 4"]
[Site "online"]
[Date "2021.09.07"]
[EventDate "2021.09.07"]
[Round "2.42"]
[White "Lord, Peter R"]
[WhiteElo "1684"]
[WhiteTeam "Uxbridge Bulldogs"]
[Black "Levy, Christopher A"]
[BlackElo "1849"]
[BlackTeam "Hackney Hackers"]
[Result "0-1"]
[PlyCount "80"]

1. e4 Nc6 2. d4 d5 3. Nc3 dxe4 4. d5 Ne5 5. Bf4 Ng6 6. Bg3 f5 7. Nh3 a6 8. Be2 e5 9. dxe6 Bxe6 10. Qxd8+ Rxd8 11. Bxc7 Rc8 12. Bb6 Bb4 13. Bd4 Nf6 14. O-O O-O 15. a3 Bxc3 16. Bxc3 Nd5 17. Rfd1 Nxc3 18. bxc3 Rxc3 19. Rd6 Bc4 20. Bd1 Ne5 21. Rb6 Bd5 22. Nf4 Bc6 23. Ne2 Rc5 24. Nd4 Nc4 25. Rb3 Re8 26. Nxc6 bxc6 27. Rc3 Ree5 28. Be2 Na5 29. Rxc5 Rxc5 30. c4 Kf7 31. Rb1 g5 32. g3 Ke6 33. Rb6 Nxc4 34. Rxa6 Ke5 35. Ra7 h5 36. Bxh5 g4 37. a4 Nd2 38. h4 Nf3+ 39. Kf1 Rc1+ 40. Ke2 Re1# 0-1

[Event "4NCL Online Division 4"]
[Site "online"]
[Date "2021.09.07"]
[EventDate "2021.09.07"]
[Round "2.43"]
[White "Conway, Paul Bernard"]
[WhiteElo "1833"]
[WhiteTeam "Hackney Hackers"]
[Black "Knight, Daniel"]
[BlackElo "1664"]
[BlackTeam "Uxbridge Bulldogs"]
[Result "1-0"]
[PlyCount "147"]

1. e4 d5 2. exd5 Nf6 3. Nc3 Nxd5 4. Bc4 c6 5. Qf3 e6 6. Nge2 Be7 7. a3 b5 8. Ba2 Nd7 9. d4 Bb7 10. Nxd5 exd5 11. O-O O-O 12. Bf4 Re8 13. Ng3 Nf8 14. Nf5 Ng6 15. Be3 Bf6 16. c3 Bc8 17. Ng3 Be6 18. Rae1 Qd7 19. Qd1 a5 20. Bb1 Be7 21. Qd3 Rf8 22. f4 f5 23. Rf2 Bh4 24. Bd2 Rf6 25. Qf3 Raf8 26. Rfe2 Bxg3 27. Qxg3 Qd6 28. Bc2 Bc8 29. h4 Nh8 30. Re7 R6f7 31. Rxf7 Rxf7 32. Re8+ Rf8 33. Qe3 Bd7 34. Rxf8+ Kxf8 35. Kf2 Kf7 36. Qe5 Qf6 37. g3 Qxe5 38. dxe5 h5 39. Be3 a4 40. Bb6 Ke6 41. Ke3 Nf7 42. Kd4 g6 43. Kc5 Nh6 44. Kb4 Ng4 45. Bg1 Be8 46. b3 axb3 47. Bxb3 Bd7 48. a4 bxa4 49. Bxa4 Nh6 50. Kc5 Ng4 51. Bxc6 Bxc6 52. Kxc6 Nh6 53. Kc7 Nf7 54. Bc5 Nh6 55. Kd8 Ng4 56. Ke8 Nh2 57. Kf8 Nf1 58. Bf2 Nd2 59. Kg7 Ne4 60. Be1 Nc5 61. Kxg6 Nd3 62. Bd2 Nc5 63. Kxh5 Ne4 64. Be1 Kf7 65. g4 fxg4 66. Kxg4 Nc5 67. f5 Nd3 68. Bd2 Nxe5+ 69. Kf4 Nc4 70. Bc1 Kf6 71. h5 Nd6 72. h6 Nxf5 73. h7 Ne7 74. h8=Q+ 1-0

[Event "4NCL Online Division 4"]
[Site "online"]
[Date "2021.09.07"]
[EventDate "2021.09.07"]
[Round "2.44"]
[White "Price, Michael C"]
[WhiteElo "1644"]
[WhiteTeam "Uxbridge Bulldogs"]
[Black "Figueroa, Edison"]
[BlackElo "1791"]
[BlackTeam "Hackney Hackers"]
[Result "1/2-1/2"]
[PlyCount "63"]

1. e4 e5 2. Nf3 d5 3. d4 dxe4 4. Nxe5 Bd6 5. Nc3 Bxe5 6. dxe5 Qxd1+ 7. Nxd1 Nc6 8. Bf4 Nge7 9. Nc3 Ng6 10. Bg3 Bd7 11. O-O-O O-O-O 12. Nxe4 Ncxe5 13. Be2 Bc6 14. f3 f6 15. Nc5 Rhe8 16. Rxd8+ Kxd8 17. Rd1+ Kc8 18. h4 Nd7 19. Nxd7 Rxe2 20. Nc5 b6 21. Na6 Kb7 22. Nxc7 Rxg2 23. Bd6 Bxf3 24. Rd3 Rg1+ 25. Kd2 Rd1+ 26. Ke3 Rxd3+ 27. cxd3 Bg4 28. Ne8 Nxh4 29. Nxg7 Kc6 30. Be7 Nf5+ 31. Nxf5 Bxf5 32. Bxf6 1/2-1/2

[Event "4NCL Online Division 4"]
[Site "online"]
[Date "2021.09.07"]
[EventDate "2021.09.07"]
[Round "2.51"]
[White "MacLeod, Alasdair"]
[WhiteElo "1821"]
[WhiteTeam "Deaf England 1"]
[Black "Edmundson, Deborah"]
[BlackElo "1329"]
[BlackTeam "Bishop Knights"]
[Result "1-0"]
[PlyCount "47"]

1. e4 c5 2. Nf3 a6 3. d4 cxd4 4. Nxd4 e5 5. Nf3 Nc6 6. Bc4 h6 7. O-O Nf6 8. Re1 b6 9. a3 Bb7 10. Nc3 Bc5 11. h3 Nd4 12. Nxe5 Ne6 13. Nd5 Nxd5 14. exd5 Ng5 15. Nc6+ Be7 16. Nxd8 Rxd8 17. Qe2 O-O 18. Qxe7 Bc8 19. Bxg5 hxg5 20. Qxg5 d6 21. Re7 g6 22. Bd3 Rde8 23. Rae1 Rxe7 24. Rxe7 1-0

[Event "4NCL Online Division 4"]
[Site "online"]
[Date "2021.09.07"]
[EventDate "2021.09.07"]
[Round "2.52"]
[White "Brown, Fergus"]
[WhiteElo "1295"]
[WhiteTeam "Bishop Knights"]
[Black "Freund, Michael P"]
[BlackElo "1692"]
[BlackTeam "Deaf England 1"]
[Result "0-1"]
[PlyCount "86"]

1. c4 e6 2. g3 d5 3. Bg2 Nf6 4. Nf3 Be7 5. O-O O-O 6. cxd5 exd5 7. d4 c6 8. Nc3 Bf5 9. e3 Nbd7 10. a3 Re8 11. Nd2 Qb6 12. b4 Qa6 13. e4 Bxb4 14. Bb2 Bxc3 15. Bxc3 Nxe4 16. Nxe4 Bxe4 17. f3 Bg6 18. Bh3 Nf6 19. g4 Qd3 20. Qxd3 Bxd3 21. Rfd1 Be2 22. Re1 Bxf3 23. g5 Ne4 24. Bb4 a5 25. Bc5 Nxc5 26. dxc5 Be4 27. Rf1 Re5 28. Rae1 Rxg5+ 29. Kf2 f5 30. Ke3 Re8 31. Kd4 g6 32. Rf4 Rh5 33. Bg2 Rxh2 34. Bxe4 dxe4 35. Rb1 Re7 36. Rff1 Rh3 37. Rfd1 Rxa3 38. Kc4 Ra4+ 39. Kc3 e3 40. Rd8+ Kg7 41. Rb8 Rb4 42. Rxb4 axb4+ 43. Kxb4 e2 0-1

[Event "4NCL Online Division 4"]
[Site "online"]
[Date "2021.09.07"]
[EventDate "2021.09.07"]
[Round "2.53"]
[White "Hunter, Gary"]
[WhiteElo "1465"]
[WhiteTeam "Deaf England 1"]
[Black "Burnett, John"]
[BlackElo "1181"]
[BlackTeam "Bishop Knights"]
[Result "1-0"]
[PlyCount "125"]

1. e4 Nc6 2. Nf3 d6 3. Bc4 h6 4. O-O Ne5 5. Bb3 Nf6 6. d4 Nxf3+ 7. Qxf3 Bg4 8. Qd3 e5 9. f3 Bh5 10. Qb5+ Nd7 11. Qxb7 Qb8 12. Qxb8+ Nxb8 13. Ba4+ Nd7 14. dxe5 dxe5 15. Rd1 O-O-O 16. Be3 Bc5 17. Bxc5 Nxc5 18. Nc3 Rxd1+ 19. Rxd1 Rd8 20. Bc6 Rxd1+ 21. Nxd1 Ne6 22. c3 Nd8 23. Ba4 Ne6 24. Kf2 Nc5 25. Bc2 f6 26. b4 Ne6 27. Nb2 Bf7 28. Bb3 Kd7 29. Nd3 Ke7 30. g3 Ng5 31. h4 Nh7 32. f4 Bxb3 33. axb3 Kd6 34. f5 h5 35. Kf3 Nf8 36. g4 g6 37. gxh5 gxh5 38. Nc5 c6 39. c4 Kc7 40. Nd3 Nd7 41. Nf2 Kb6 42. Nh1 a5 43. Ng3 axb4 44. Nxh5 Kc5 45. Ke3 Kd6 46. Ng7 Nc5 47. h5 Nxb3 48. h6 Kc5 49. h7 Kxc4 50. h8=Q Nd4 51. Ne8 b3 52. Qg8+ Kc3 53. Nxf6 b2 54. Qa2 Nc2+ 55. Ke2 Nd4+ 56. Kd1 Nb3 57. Qb1 Nd4 58. Nd7 Nf3 59. f6 Nd4 60. f7 Ne6 61. Qc2+ Kd4 62. Qxb2+ Kxe4 63. Qxe5+ 1-0

[Event "4NCL Online Division 4"]
[Site "online"]
[Date "2021.09.07"]
[EventDate "2021.09.07"]
[Round "2.54"]
[White "Edmundson, Mark"]
[WhiteElo "902"]
[WhiteTeam "Bishop Knights"]
[Black "Gibson, Stephen"]
[BlackElo "1505"]
[BlackTeam "Deaf England 1"]
[Result "0-1"]
[PlyCount "90"]

1. d4 b5 2. e4 a6 3. Nc3 e6 4. Nf3 Bb7 5. Bd3 c5 6. d5 Nf6 7. dxe6 dxe6 8. Bg5 c4 9. Be2 Qxd1+ 10. Bxd1 Nxe4 11. Nxe4 Bxe4 12. O-O Bc5 13. Be3 Bxe3 14. fxe3 O-O 15. Be2 Bxc2 16. Rac1 Be4 17. Rfd1 Nc6 18. Nd4 Nb4 19. a3 Nd3 20. Bxd3 Bxd3 21. b3 Rac8 22. bxc4 Bxc4 23. Nf3 Bd5 24. Rxc8 Rxc8 25. Ne5 f6 26. Nd7 Rc3 27. Nb6 Rxe3 28. Nxd5 exd5 29. Rxd5 Rxa3 30. Rd8+ Kf7 31. Ra8 b4 32. Ra7+ Kg6 33. Rd7 Re3 34. Kf2 Re5 35. Rd3 a5 36. Rg3+ Rg5 37. Rd3 Re5 38. Rg3+ Kf7 39. Rf3 Ke6 40. Re3 Rxe3 41. Kxe3 Kd5 42. Kd2 Kc4 43. Kc2 a4 44. Kb1 Kd3 45. h4 Ke3 0-1

[Event "4NCL Online Division 4"]
[Site "online"]
[Date "2021.09.07"]
[EventDate "2021.09.07"]
[Round "2.61"]
[White "Healey, Grant"]
[WhiteElo "1778"]
[WhiteTeam "Camborne Pendarves"]
[Black "Capes, Ian"]
[BlackElo "1909"]
[BlackTeam "Hertford 2"]
[Result "0-1"]
[PlyCount "56"]

1. g3 f5 2. Bg2 Nf6 3. Nh3 g6 4. c3 Bg7 5. O-O c6 6. d3 d6 7. Nd2 e5 8. Qc2 O-O 9. f4 Qe7 10. e3 Ng4 11. Nb3 a5 12. Bd2 Nd7 13. Rae1 Ndf6 14. Nf2 Qc7 15. h3 Nxf2 16. Rxf2 Bd7 17. fxe5 dxe5 18. Nc5 Rad8 19. Nxd7 Qxd7 20. d4 e4 21. c4 Qc7 22. Kh2 Nh5 23. Bc3 Qxg3+ 24. Kh1 Bh6 25. Qe2 Rde8 26. Bd2 f4 27. exf4 e3 28. Rf3 exd2 0-1

[Event "4NCL Online Division 4"]
[Site "online"]
[Date "2021.09.07"]
[EventDate "2021.09.07"]
[Round "2.62"]
[White "Buswell, A Mark"]
[WhiteElo "1761"]
[WhiteTeam "Hertford 2"]
[Black "Robinson, Neil"]
[BlackElo "1711"]
[BlackTeam "Camborne Pendarves"]
[Result "1-0"]
[PlyCount "95"]

1. e4 c6 2. d4 d5 3. exd5 cxd5 4. Bd3 Nc6 5. c3 Nf6 6. h3 g6 7. Nf3 Bg7 8. O-O O-O 9. Bg5 Ne4 10. Bf4 Bf5 11. g4 Be6 12. Ng5 Nxg5 13. Bxg5 Qc8 14. Nd2 f5 15. f3 Qc7 16. Bh4 fxg4 17. fxg4 Rxf1+ 18. Qxf1 Nxd4 19. cxd4 Bxd4+ 20. Kh1 Rf8 21. Qe2 Bc8 22. Qxe7 Qxe7 23. Bxe7 Rf2 24. Nb3 Bxb2 25. Rf1 Rf7 26. Rxf7 Kxf7 27. Bc5 b6 28. Bd4 Ba3 29. Kg2 Bd6 30. Kf3 h5 31. gxh5 gxh5 32. Bf1 Bf5 33. Nd2 Bd7 34. Bg2 Be6 35. Ke3 Ke7 36. Nf3 Bf5 37. Ne5 Kf8 38. Nc6 Bb1 39. Bxd5 Bf5 40. h4 Bg3 41. Bf6 Bb1 42. Nxa7 Bh2 43. Nc6 Bg1+ 44. Kf4 Bg6 45. Kg5 Be8 46. Kh6 Be3+ 47. Bg5 Bf2 48. Be7# 1-0

[Event "4NCL Online Division 4"]
[Site "online"]
[Date "2021.09.07"]
[EventDate "2021.09.07"]
[Round "2.63"]
[White "Macphail, Kieran"]
[WhiteElo "1675"]
[WhiteTeam "Camborne Pendarves"]
[Black "Rudd, David R"]
[BlackElo "1687"]
[BlackTeam "Hertford 2"]
[Result "0-1"]
[PlyCount "92"]

1. e4 Nf6 2. e5 Nd5 3. d4 d6 4. c4 Nb6 5. exd6 cxd6 6. Nc3 Nc6 7. d5 Ne5 8. f4 Ng6 9. Bd3 e5 10. dxe6 fxe6 11. Nf3 Be7 12. O-O Bd7 13. Qc2 Nh4 14. Nxh4 Bxh4 15. Bxh7 Nxc4 16. Bg6+ Kf8 17. f5 Qb6+ 18. Kh1 e5 19. Qe4 Qc6 20. b3 Nb6 21. Qxc6 Bxc6 22. Ba3 Be7 23. Rad1 d5 24. Bxe7+ Kxe7 25. Rfe1 Kf6 26. Kg1 Rad8 27. g3 d4 28. Ne4+ Bxe4 29. Rxe4 Nd7 30. h4 Rc8 31. Rdxd4 Ke7 32. Rd2 Rc1+ 33. Kg2 Rhc8 34. f6+ gxf6 35. Bf5 R8c2 36. Ree2 Rxd2 37. Rxd2 Nc5 38. b4 Ne6 39. Bxe6 Kxe6 40. h5 Rc7 41. Kf3 Kf5 42. g4+ Kg5 43. Rd3 a6 44. Kg3 Rc4 45. a3 Rxg4+ 46. Kf3 e4+ 0-1

[Event "4NCL Online Division 4"]
[Site "online"]
[Date "2021.09.07"]
[EventDate "2021.09.07"]
[Round "2.72"]
[White "Tarigopula, Pawan Kumar"]
[WhiteElo "1606"]
[WhiteTeam "Uxbridge Cyclones"]
[Black "Tatam, Anthony"]
[BlackElo "1572"]
[BlackTeam "Plymouth 2"]
[Result "0-1"]
[PlyCount "84"]

1. e4 e5 2. Nf3 Nc6 3. d4 exd4 4. Nxd4 Nf6 5. Nc3 Bb4 6. Nxc6 bxc6 7. Bd3 O-O 8. O-O Re8 9. Re1 d6 10. Bg5 h6 11. Bh4 Bb7 12. f4 Bc5+ 13. Kh1 Bd4 14. Ne2 Bb6 15. Ng1 Qe7 16. Nh3 Qe6 17. Bg3 c5 18. f5 Qd7 19. e5 dxe5 20. Rxe5 Rxe5 21. Bxe5 Qc6 22. Qd2 Ne4 23. Bxe4 Qxe4 24. Re1 Qxf5 25. Bc3 a5 26. Nf4 a4 27. Re5 Qg4 28. Nh5 f6 29. Nxf6+ gxf6 30. Re7 Qg6 31. Re6 Rf8 32. Qe2 Bd5 33. Re3 Kh7 34. Rg3 Qe4 35. Re3 Qc4 36. Qf2 Qg4 37. h3 Qg6 38. Rg3 Qe4 39. Re3 c4 40. Bxf6 Bxe3 41. Qf1 Rxf6 42. Qe2 Rf2 0-1

[Event "4NCL Online Division 4"]
[Site "online"]
[Date "2021.09.07"]
[EventDate "2021.09.07"]
[Round "2.73"]
[White "Caleshu, Caleb"]
[WhiteElo "1521"]
[WhiteTeam "Plymouth 2"]
[Black "Rahul Babu"]
[BlackElo "1501"]
[BlackTeam "Uxbridge Cyclones"]
[Result "0-1"]
[PlyCount "92"]

1. d4 d5 2. c4 c6 3. Nf3 Nf6 4. g3 e6 5. Bg2 Nbd7 6. O-O dxc4 7. Nbd2 b5 8. a4 Bb7 9. Ne1 a6 10. Nc2 Be7 11. e4 O-O 12. e5 Nd5 13. Ne4 c5 14. Qg4 cxd4 15. Nxd4 Nxe5 16. Qh5 Ng6 17. axb5 axb5 18. Rxa8 Qxa8 19. f4 Ndxf4 20. gxf4 Bxe4 21. Rf2 Bxg2 22. Rxg2 Qe4 23. Nf3 Qb1 24. Kf2 Qxc1 25. f5 Bc5+ 26. Ke2 Qxb2+ 27. Nd2 exf5 28. Rxg6 fxg6 29. Qf3 Re8+ 30. Kd1 Rd8 31. Qe2 Qxd2+ 32. Qxd2 Rxd2+ 33. Kxd2 Bd4 34. h4 b4 35. h5 g5 36. h6 gxh6 37. Ke2 b3 38. Kd2 h5 39. Kc1 h4 40. Kb1 h3 41. Kc1 h2 42. Kd2 h1=Q 43. Ke2 Qg2+ 44. Kd1 Be3 45. Ke1 Qd2+ 46. Kf1 Qf2# 0-1

[Event "4NCL Online Division 4"]
[Site "online"]
[Date "2021.09.07"]
[EventDate "2021.09.07"]
[Round "2.74"]
[White "Foale, Ron"]
[WhiteElo "1505"]
[WhiteTeam "Uxbridge Cyclones"]
[Black "Peach, Clifford B"]
[BlackElo "1350"]
[BlackTeam "Plymouth 2"]
[Result "1/2-1/2"]
[PlyCount "67"]

1. e4 c6 2. d4 d5 3. e5 Bf5 4. h4 h5 5. Nd2 e6 6. Nb3 Nd7 7. Be3 Be7 8. g3 Rc8 9. Bd3 Bxd3 10. Qxd3 a6 11. Nf3 c5 12. dxc5 Nxc5 13. Nxc5 Bxc5 14. Bxc5 Rxc5 15. Nd4 Ne7 16. O-O g6 17. c3 Qc8 18. Rac1 O-O 19. Qd2 Kh7 20. Nf3 Nf5 21. Kh2 Qd8 22. Kh3 Nh6 23. Rce1 Rc6 24. Nd4 Rc8 25. f3 Qe7 26. Qd3 Kg7 27. Ne2 Rce8 28. Nf4 Nf5 29. Qd2 Nh6 30. Qd3 Nf5 31. Qd2 Nh6 32. Qd3 Nf5 33. Qd2 Nh6 34. Qd3 1/2-1/2

[Event "4NCL Online Division 4"]
[Site "online"]
[Date "2021.09.07"]
[EventDate "2021.09.07"]
[Round "2.81"]
[White "Bray, David"]
[WhiteElo "2005"]
[WhiteTeam "Braunstone 1"]
[Black "Soulier, Alfred"]
[BlackElo "1698"]
[BlackTeam "KCS U13A"]
[Result "1-0"]
[PlyCount "109"]

1. Nf3 Nf6 2. c4 g6 3. Nc3 Bg7 4. d4 O-O 5. e4 d6 6. Be2 e5 7. O-O exd4 8. Nxd4 Re8 9. f3 Nc6 10. Be3 Nxd4 11. Bxd4 Bd7 12. Qd2 Qe7 13. Rac1 Nh5 14. Bxg7 Nxg7 15. Nd5 Qd8 16. Qc3 Re6 17. Rfd1 f5 18. Bd3 Rc8 19. c5 b6 20. Ba6 Rb8 21. Bc4 Kh8 22. Nf4 Rf6 23. e5 Rf8 24. exd6 bxc5 25. Be6 c6 26. Re1 Rb4 27. Bxd7 Rxf4 28. Re7 Rd4 29. Qxc5 Qb6 30. Qxb6 axb6 31. Rxc6 Rd1+ 32. Kf2 Rd2+ 33. Re2 Rd5 34. Rxb6 Rd8 35. Bb5 R5xd6 36. Rxd6 Rxd6 37. a4 Ne6 38. Bc4 Nc5 39. a5 h5 40. b4 Nd3+ 41. Bxd3 Rxd3 42. Ra2 f4 43. a6 Rd8 44. a7 Ra8 45. b5 g5 46. b6 g4 47. b7 Rg8 48. b8=Q g3+ 49. hxg3 fxg3+ 50. Ke3 Kh7 51. Qb7+ Kg6 52. Ra6+ Kg5 53. Qd5+ Kh4 54. Ra4+ Rg4 55. Qd8# 1-0

[Event "4NCL Online Division 4"]
[Site "online"]
[Date "2021.09.07"]
[EventDate "2021.09.07"]
[Round "2.82"]
[White "Kumar, Sanjit S"]
[WhiteElo "1677"]
[WhiteTeam "KCS U13A"]
[Black "Tang, Julian"]
[BlackElo "1772"]
[BlackTeam "Braunstone 1"]
[Result "1-0"]
[PlyCount "63"]

1. e4 d5 2. exd5 Nf6 3. d4 Qxd5 4. c4 Qd8 5. Nc3 e6 6. Nf3 Bb4 7. Bd2 O-O 8. Bd3 b6 9. a3 Bxc3 10. Bxc3 Bb7 11. O-O Nbd7 12. Re1 Re8 13. Qe2 c6 14. Ne5 Qc7 15. Rad1 Rad8 16. Bb1 Nf8 17. b4 a6 18. c5 b5 19. Qf3 Nd5 20. Bb2 f6 21. Nd3 Ng6 22. Ba2 Kh8 23. Bxd5 Rxd5 24. Re4 Rf5 25. Qxf5 Qd7 26. Rde1 Bc8 27. Nf4 Kg8 28. Nxe6 Qe7 29. d5 cxd5 30. Qxd5 Bb7 31. c6 Bc8 32. Ng5+ 1-0